| 000 | 00620nam a22001697a 4500 | ||
|---|---|---|---|
| 003 | OSt | ||
| 005 | 20171010095523.0 | ||
| 008 | 120817t xxu||||| |||| 00| 0 eng d | ||
| 040 |
_aMMSU _cULS |
||
| 100 |
_aCacayorin, Nenita D. _912267 |
||
| 245 |
_aPerformance of cotton (gossypium barbadense L. var. CRDN 174) as influenced by planting date and plant population density _cNenita D. Cacayorin |
||
| 260 | _c1998 | ||
| 300 | _axxvi, 179 leaves | ||
| 500 | _aThesis (MS Agriculture-Agronomy) -- Mariano Marcos State University-Graduate School, Laoag City | ||
| 504 | _aBibliography: leaves 63-68 | ||
| 942 |
_2ddc _cTHEDIS |
||
| 999 |
_c9768 _d9768 |
||